Krishna's organic synthesis as per UGC syllabus / (Record no. 65018)

MARC details
000 -LEADER
fixed length control field 00994nam a22002777a 4500
005 - DATE AND TIME OF LATEST TRANSACTION
control field 20120416113423.0
008 - FIXED-LENGTH DATA ELEMENTS--GENERAL INFORMATION
fixed length control field 120416t xxu||||| |||| 00| 0 eng d
010 ## - LCCN (DPL NO)
LC control number ENG-104994
020 ## - INTERNATIONAL STANDARD BOOK NUMBER
International Standard Book Number 9788182831063
Terms of availability 275.00
020 ## - INTERNATIONAL STANDARD BOOK NUMBER
International Standard Book Number 8182831067
Terms of availability 275.00
035 ## - SYSTEM CONTROL NUMBER
System control number EN-88527
037 ## - SOURCE OF ACQUISITION
Source of stock number/acquisition DBAD/PUB
040 ## - CATALOGING SOURCE
Original cataloging agency DPL
Language of cataloging Eng
082 ## - DEWEY DECIMAL CLASSIFICATION NUMBER
Classification number 547.2
100 ## - MAIN ENTRY--PERSONAL NAME
Personal name Saluja, M.P.
9 (RLIN) 45074
245 ## - TITLE STATEMENT
Title Krishna's organic synthesis as per UGC syllabus /
Statement of responsibility, etc by M.P. Saluja ; edited by Er. Sugam Rastogi
Remainder of title
260 ## - PUBLICATION, DISTRIBUTION, ETC. (IMPRINT)
Place of publication, distribution, etc Meerut
Name of publisher, distributor, etc Krishna Prakashan
Date of publication, distribution, etc 2011
270 ## - ADDRESS
Address 11, Shivaji Road
City Meerut
Postal code 250001
300 ## - PHYSICAL DESCRIPTION
Extent various pagings
Dimensions 24cm(pbk)
500 ## - GENERAL NOTE
General note Includes index
650 ## - SUBJECT ADDED ENTRY--TOPICAL TERM
Topical term or geographic name as entry element Organic compounds
General subdivision Synthesis
9 (RLIN) 1078
650 ## - SUBJECT ADDED ENTRY--TOPICAL TERM
Topical term or geographic name as entry element Chemical reactions
9 (RLIN) 45121
700 ## - ADDED ENTRY--PERSONAL NAME
Personal name Rastogi, Sugam
9 (RLIN) 45076
942 ## - ADDED ENTRY ELEMENTS (KOHA)
Source of classification or shelving scheme Dewey Decimal Classification
Item type English Books
Classification part 547.2
Call number suffix SAL
Holdings
Withdrawn status Lost status Source of classification or shelving scheme Damaged status Not for loan Collection code Home library Current library Date acquired Source of acquisition Cost, normal purchase price Total Checkouts Full call number Barcode Date last seen Copy number Cost, replacement price Koha item type
    Dewey Decimal Classification   Not For Loan Non-fiction D.B.Act.Division D.B.Act.Division 16/04/2012 DBAD/PUB 275.00   547.2 SAL EN-88527 16/04/2012 1 275.00 English Books

© Delhi Public Library
Hit Counter
free hit counter